000 00434nam a2200181Ia 4500
008 230524s9999 xx 000 0 und d
020 _a8178081024
082 _a4.162
_bAHO
100 _aAlfred V.Aho
245 0 _aData Structures and Algorithms
250 _a10TH
260 _aNEW DELHI
_bPearson
_c2004
300 _aXI;427
500 _aQuantity Number: 47
650 _aComp-Sc
700 _a Jone E Hopcroft
942 _cBK
999 _c6937
_d6937